LEADER 01252nam a2200301 u 4500 001 000000044944 003 CaOOAMICUS 005 20070226114615.0 008 990513s1996 enk u000 u eng u 020 $a0521435345 035 $a10823124 040 $aPUL(R)$bita$dPUL(R) 245 04$aThe Cambridge companion to Bacon /$cedited by Markku Peltonen. 260 $aCambridge :$bUniversity Press,$cc1996. 300 $axv, 372 p., [1] c. di tav. :$bill. ;$c23 cm 490 1 $aThe Cambridge companion 500 $aInclude indici. 504 $aBibliografia p. [335]-364. 600 14$aBacon, Francis,$d1561-1626$xCritica e interpretazione.$0(OLS)http://pul/subject/19414 700 1 $aPeltonen, Markku.$0(OLS)http://pul/name/32778 830 4$aThe Cambridge companion.$0(OLS)http://pul/title/60427 850 $aPUL 852 $aPUL$W1$xSL Filosofia 2$y80$mPhil A8 2$j60425$nBK-PRI$b $qStampati altre collocazioni$B60425$CPULBib$Z2$F60425 $H $81 941 1 $a10 961 $aINV: 79715 996 $6020$a0521435345$9(OLS)http://pul/number/56078 996 $6245$aThe Cambridge companion to Bacon$9(OLS)http://pul/title/60611 996 $6260$aCambridge :$bUniversity Press$9(OLS)http://pul/publisher/49564 LEADER 01275nam a2200313 a 4500 001 000000167181 003 CaOOAMICUS 005 20180418092635.0 008 180418s1988 it u000 u ita r 020 $a88-340-0917-7* 032 $aLibriCat 040 $aPUL$bita 041 1 $aita$heng 100 1 $aGrotjahn, Martin.$0(OLS)http://pul/name/107794 240 14$aThe art and technique of analytic group.$lItaliano.$0(OLS)http://pul/title/207084 245 12$aL'arte e la tecnica della terapia analitica di gruppo /$cMartin Grotjahn. 260 $aRoma :$bAstrolabio,$cİ1988. 300 $a199 p. ;$c21 cm. 490 1 $aPsiche e coscienza 504 $aInclude indici e riferimenti bibliografici. 650 4$aPsicoterapia di gruppo.$0(OLS)http://pul/subject/20017 830 0$aPsiche e coscienza.$0(OLS)http://pul/title/72474 850 $aPUL 852 $aPUL$W1$xDP1 Fondo Dalla Palma$y117$m2 C 15$j197$qFondi$B194722$CPULBib$Z2$F194722 $HDal2993 $81 941 1 $a1 996 $6020$a88-340-0917-7*$9(OLS)http://pul/number/163809 996 $6245$aL'arte e la tecnica della terapia analitica di gruppo$9(OLS)http://pul/title/207085 996 $6260$aRoma :$bAstrolabio$9(OLS)http://pul/publisher/68700